[Event "Parma Province-ch"]
[Site "Salsomaggiore Terme"]
[Date "2015.03.21"]
[Round "2"]
[White "Ghirardi, Gianfranco"]
[Black "Bettini, Sofia"]
[Result "1-0"]
[WhiteElo "1694"]
[BlackElo "1407"]
[PlyCount "55"]
[EventDate "2015.03.20"]
[EventType "swiss"]
[EventRounds "5"]
[EventCountry "ITA"]
[SourceTitle "EXT 2017"]
[Source "ChessBase"]
[SourceDate "2016.10.25"]
[SourceVersion "1"]
[SourceVersionDate "2016.10.25"]
[SourceQuality "1"]

1. e4 c6 2. d4 d5 3. Nd2 dxe4 4. Nxe4 Bf5 5. Ng3 Bg6 6. Nf3 Nd7 7. h4 h6 8. Be2 Ngf6 9. h5 Bh7 10. c4 Qc7 11. Qb3 e6 12. Bd3 Bxd3 13. Qxd3 Be7 14. Qe3 0-0 15. Bd2 c5 16. Bc3 cxd4 17. Nxd4 Rfc8 18. b3 a6 19. 0-0 b5 20. Nxe6 fxe6 21. Qxe6+ Kf8 22. Rfe1 Nc5 23. Qe2 Bd6 24. Nf5 Re8 25. Qf3 Be5 26. Bxe5 Rxe5 27. Qxa8+ Kf7 28. Qf3 1-0

[Event "Vescovato Gerolamo op-B 13th"]
[Site "Vescovato"]
[Date "2014.04.27"]
[Round "5"]
[White "Bettini, Sofia"]
[Black "Rizzi, Pietro"]
[Result "0-1"]
[WhiteElo "1302"]
[BlackElo "1597"]
[PlyCount "54"]
[EventDate "2014.04.25"]
[EventType "swiss"]
[EventRounds "6"]
[EventCountry "ITA"]
[SourceTitle "EXT 2024"]
[Source "ChessBase"]
[SourceDate "2023.10.10"]
[SourceVersion "1"]
[SourceVersionDate "2023.10.10"]
[SourceQuality "1"]

1. d4 f5 2. Nf3 Nf6 3. g3 g6 4. Bg2 Bg7 5. b3 0-0 6. Bb2 d6 7. 0-0 c6 8. Nbd2 Na6 9. Re1 Nc7 10. e4 fxe4 11. Nxe4 Nxe4 12. Rxe4 Bf5 13. Re2 Bg4 14. Re4 Bf5 15. Re2 Qd7 16. Qe1 Rae8 17. Nd2 Bxc2 18. Ne4 Bxe4 19. Bxe4 e5 20. Qd2 exd4 21. Bxd4 Bxd4 22. Qxd4 d5 23. Rae1 Qg7 24. Qxg7+ Kxg7 25. Bf3 Rxe2 26. Rxe2 Rxf3 27. Re7+ Rf7 0-1

[Event "Vescovato Gerolamo op-B 13th"]
[Site "Vescovato"]
[Date "2014.04.26"]
[Round "3"]
[White "Bettini, Sofia"]
[Black "Gallani, Angelo"]
[Result "1-0"]
[WhiteElo "1302"]
[BlackElo "1476"]
[PlyCount "49"]
[EventDate "2014.04.25"]
[EventType "swiss"]
[EventRounds "6"]
[EventCountry "ITA"]
[SourceTitle "EXT 2024"]
[Source "ChessBase"]
[SourceDate "2023.10.10"]
[SourceVersion "1"]
[SourceVersionDate "2023.10.10"]
[SourceQuality "1"]

1. d4 d5 2. Nf3 Nf6 3. g3 e6 4. Bg2 c5 5. e3 Nc6 6. b3 cxd4 7. exd4 Bd6 8. Bb2 0-0 9. 0-0 b6 10. Nbd2 Qc7 11. Re1 Re8 12. Ne5 Nd7 13. Nxc6 Qxc6 14. c4 Nf6 15. Rc1 Qd7 16. Nf3 Bb7 17. Ne5 Qd8 18. c5 bxc5 19. dxc5 Bxe5 20. Bxe5 Bc6 21. a4 a5 22. Rb1 Nd7 23. Bc3 Nxc5 24. Qd4 Ne4 25. Qxg7# 1-0

[Event "Vescovato Gerolamo op-B 13th"]
[Site "Vescovato"]
[Date "2014.04.26"]
[Round "4"]
[White "Jirillo, Antonio"]
[Black "Bettini, Sofia"]
[Result "1-0"]
[WhiteElo "1591"]
[BlackElo "1302"]
[PlyCount "65"]
[EventDate "2014.04.25"]
[EventType "swiss"]
[EventRounds "6"]
[EventCountry "ITA"]
[SourceTitle "EXT 2024"]
[Source "ChessBase"]
[SourceDate "2023.10.10"]
[SourceVersion "1"]
[SourceVersionDate "2023.10.10"]
[SourceQuality "1"]

1. Nf3 c6 2. c4 d5 3. cxd5 cxd5 4. d4 Nf6 5. Nc3 Bf5 6. Bf4 a6 7. e3 e6 8. Be2 Ne4 9. Qb3 b5 10. 0-0 Nxc3 11. Qxc3 b4 12. Qd2 Be7 13. Ne5 0-0 14. Rac1 Bd6 15. Bd3 Bxd3 16. Nxd3 Bxf4 17. Nxf4 a5 18. Nd3 Nd7 19. Nc5 Nxc5 20. Rxc5 Rc8 21. Rfc1 Rxc5 22. Rxc5 Qb6 23. Qc2 Qd8 24. Qa4 Qb8 25. Qxa5 b3 26. a3 Rc8 27. g3 g6 28. Qc3 Re8 29. a4 Kg7 30. Rb5 Qd6 31. Rxb3 e5 32. dxe5 Rxe5 33. f4 1-0

[Event "Vescovato Gerolamo op-B 13th"]
[Site "Vescovato"]
[Date "2014.04.25"]
[Round "2"]
[White "Plucani, Germano"]
[Black "Bettini, Sofia"]
[Result "1-0"]
[WhiteElo "1410"]
[BlackElo "1302"]
[PlyCount "71"]
[EventDate "2014.04.25"]
[EventType "swiss"]
[EventRounds "6"]
[EventCountry "ITA"]
[SourceTitle "EXT 2024"]
[Source "ChessBase"]
[SourceDate "2023.10.10"]
[SourceVersion "1"]
[SourceVersionDate "2023.10.10"]
[SourceQuality "1"]

1. d4 d5 2. Nf3 c6 3. e3 Bf5 4. c4 e6 5. Qb3 Qc7 6. Nc3 Nf6 7. cxd5 exd5 8. Bd2 Nbd7 9. Be2 Ne4 10. h3 Be7 11. 0-0 0-0 12. Rfc1 Nxd2 13. Nxd2 b6 14. Nxd5 Qd6 15. Nxe7+ Qxe7 16. Rxc6 Rac8 17. Rac1 Nf6 18. Rxc8 Bxc8 19. Bf3 Be6 20. Qa4 a5 21. a3 Bd7 22. Qd1 b5 23. Nb3 a4 24. Nc5 Rc8 25. Nxd7 Qxd7 26. Rxc8+ Qxc8 27. Qd2 h6 28. Qc3 Qf5 29. Qb4 Nh7 30. Bc6 Qb1+ 31. Kh2 Qc2 32. Bxb5 Ng5 33. Kg1 Qc1+ 34. Bf1 Ne4 35. Qxa4 Qxb2 36. Qe8+ 1-0